| 000 | 00697nam a2200229 i 4500 | ||
|---|---|---|---|
| 001 | bg | ||
| 100 | 1 | _aMAZURKIEWICZ, Ludwik | |
| 245 | 1 | 0 |
_aProces tworzenia konkurencyjnej marki internetowej / _cLudwik Mazurkiewicz. |
| 260 |
_aWarszawa : _bWyższa Szkoła Ekonomiczna, _c2004. |
||
| 300 |
_a98, [2] s. ; _c24 cm. |
||
| 504 | _aBibliogr. | ||
| 650 | 9 | _aMarketing elektroniczny | |
| 650 | 9 |
_aFirma (nazwa) _xreklama |
|
| 020 | _a8386990937 | ||
| 040 | _cBPK | ||
| 041 | 0 | _apol | |
| 080 | _a339.138:339.166.5:004.738.5 | ||
| 920 | _a83-86990-93-7 | ||
| 942 | _cKS | ||
| 008 | s pl f |000 0 pol | ||
| 999 |
_c45721 _d45721 |
||
| 856 |
_uhttp://koha.tu.koszalin.pl/cgi-bin/koha/opac-detail.pl?biblionumber=45721 _yKatalog online BPK |
||